|
|
|
|
| LEADER |
00804ntm a2200169 i 4500 |
| 001 |
misc57501 |
| 005 |
20210309093141.0 |
| 008 |
210309s1933 hu o 0|| hun d |
| 040 |
|
|
|a SZTE Miscellanea Repozitórium
|b hun
|
| 041 |
|
|
|a hun
|
| 245 |
0 |
0 |
|a "Jegyzék gr. Klebelsberg Kunóné [...] által [...] gr. Klebelsberg Kunó hagyatékából az Országgyülési Muzeum részére ajándékozott ereklyetárgyakból." Hollós Bálint az Országgyűlési Múzeum vezetőjének aláírásával
|h [elektronikus dokumentum]
|
| 260 |
|
|
|c 1933-05-31
|
| 300 |
|
|
|a 5 t.
|c 34 x 21 cm
|
| 561 |
|
|
|a Klebelsberg Kunoné hagyaték
|
| 695 |
|
|
|a Műtárgyjegyzék - Klebelsberg Kuno, Országgyűlési Múzeum
|
| 700 |
0 |
1 |
|a Hollós Bálint
|
| 856 |
4 |
0 |
|u http://misc.bibl.u-szeged.hu/57501/1/klebelsberg_levelek_26.pdf
|z Dokumentum-elérés
|